000 00272nam a2200109 a 4500
005 20140414132115.0
008 110826s19uu xx 00 eng d
050 _aM 398.2
_bM99 1991
245 _aMy first storybook.
260 _aLondon :
_bBrimax,
_c1991.
999 _c114890
_d114890